[Event "Dortmund SuperGM 40th"]
[Site "Dortmund"]
[Date "2012.07.22"]
[Round "9"]
[White "Karjakin, Sergey"]
[Black "Gustafsson, Jan"]
[Result "1-0"]
[WhiteElo "2779"]
[BlackElo "2629"]
[Annotator "Postny,E"]
[PlyCount "69"]
[EventDate "2012.07.13"]
[EventType "tourn"]
[EventRounds "9"]
[EventCountry "GER"]
[EventCategory "19"]
[SourceTitle "CBM 150"]
[Source "ChessBase"]
[SourceDate "2012.09.14"]
[SourceVersion "1"]
[SourceVersionDate "2012.09.14"]
[SourceQuality "1"]

1. e4 c6 2. d4 d5 3. Nc3 dxe4 4. Nxe4 Bf5 5. Ng3 Bg6 6. h4 h6 7. Nf3 Nd7 8. h5
Bh7 9. Bd3 Bxd3 10. Qxd3 e6 11. Bd2 Ngf6 12. O-O-O Be7 13. Kb1 O-O 14. Ne4 Nxe4
15. Qxe4 Nf6 16. Qe2 Qd5 17. Be3 Ng4 (17... Nxh5 $2 {would be a suicide. After}
18. g4 Nf6 19. g5 hxg5 20. Ne5 {[%cal Gf2f3,Ge2h2] Black's king will not
survive.}) (17... Rad8 {is a good alternative. In the game Bruzon,L-So,W/
Quebec 2012 Black solved the opening problems.}) 18. Bc1 Nf6 $6 {The same
position as after 16th move, just White's bishop is on c1 instead of d2. This
is a significant difference as now the bishop isn't blocking the d-file. In
fact Black has just lost a tempo.} (18... Rfd8 19. Ne5 (19. c4 Qf5+ 20. Ka1 Rd7
$6 (20... c5 $132) 21. Nh4 Bxh4 22. Rxh4 Nf6 23. g4 Qe4 24. Be3 c5 25. f3 Qc6
26. g5 cxd4 27. Rhxd4 Rxd4 28. Bxd4 Nxh5 29. gxh6 $16 {1/2-1/2 Bok,B (2511)
-Ducarmon,Q (2368)/Limburg 2012/CB21_2012 (41)}) 19... Nxe5 20. dxe5 Qb5 (20...
Qa5 21. Bd2 Qc5 22. f4 Rd5 23. Be3 Qa5 24. Rxd5 cxd5 25. g4 $16 {[%cal Gf4f5,
Gg4g5] 1-0 Negi,P (2603)-Lalith,B (2481)/New Delhi 2010/CBM 139 Extra (39)})
21. Qxb5 (21. Qg4 Qxe5 22. Bxh6 Rxd1+ 23. Rxd1 Rd8 $11) 21... cxb5 22. Be3 Kf8
23. Rd3 Ke8 24. g4 b6 $11 {1/2-1/2 Bok,B (2453)-Michiels,B (2489)/Amsterdam
2011/CBM 141 Extra (42)}) (18... Rad8 19. Ne5 Nxe5 20. dxe5 Qc5 21. f4 Rxd1 22.
Rxd1 Rd8 23. Rxd8+ Bxd8 24. Be3 Qa5 25. Qd2 {1/2-1/2 Burmester,G (2000)
-Bissmann,S (2455)/GER email 2007/Corr 2011}) 19. Ne5 Qe4 20. Qf1 $1 {
Correctly avoiding the exchange of queens.} c5 21. f3 Qh7 $2 {Black should put
the queen here only if all the alternatives lose by force.} (21... Qd5 22. Be3
Rfd8 23. g4 {Black's position is not a piece of cake, still better than in the
game.}) 22. dxc5 Bxc5 23. Nd7 Nxd7 24. Rxd7 $16 Rac8 25. g4 Bb6 {[%csl Rc2]}
26. Rh2 f5 {This move harms only Black, but his position is difficult anyway.}
27. Qe2 fxg4 28. Qxe6+ Kh8 29. Qxg4 Rce8 30. Rg2 Rg8 31. Bd2 Re5 32. a4 Ba5 33.
Qd4 Rxh5 34. Bxa5 Rxa5 35. Rgxg7 $1 {Nice finish.} (35. Rgxg7 Rxg7 36. Rd8+ Qg8
37. Rxg8+ Kxg8 38. Qd8+ Kh7 39. Qxa5 $18) 1-0

[Event "EU-Cup 24th"]
[Site "Kallithea"]
[Date "2008.10.23"]
[Round "7"]
[White "Ponomariov, Ruslan"]
[Black "Postny, Evgeny"]
[Result "1/2-1/2"]
[WhiteElo "2719"]
[BlackElo "2674"]
[Annotator "Postny,E"]
[PlyCount "166"]
[EventDate "2008.10.17"]
[EventType "team-swiss"]
[EventRounds "7"]
[EventCountry "GRE"]
[SourceTitle "CBM 127"]
[Source "ChessBase"]
[SourceDate "2008.11.13"]
[SourceVersion "1"]
[SourceVersionDate "2008.11.13"]
[SourceQuality "1"]
[WhiteTeam "Linex Magic"]
[BlackTeam "Zagreb"]
[WhiteTeamCountry "ESP"]
[BlackTeamCountry "CRO"]

1. e4 c6 2. d4 d5 3. Nc3 dxe4 4. Nxe4 Bf5 5. Ng3 Bg6 6. h4 h6 7. Nf3 Nd7 8. h5
Bh7 9. Bd3 Bxd3 10. Qxd3 e6 11. Bf4 Qa5+ 12. Bd2 Qc7 13. O-O-O Ngf6 14. Kb1 {
For some reason this useful move is not popular nowadays. Usually the White
players give preference to 14.Ne4 or 14.Qe2.} O-O-O 15. c4 Bd6 (15... c5 $6 {
Black is not ready yet for this thrust.} 16. Qe2 cxd4 17. Nxd4 a6 18. Nb3 Bd6
19. c5 $1 Bxg3 (19... Nxc5 $2 20. Nxc5 Bxc5 21. b4 {[%cal Gd1c1] wins a piece.}
) 20. Ba5 Qe5 21. Qc2 Rde8 22. c6 Nb8 23. cxb7+ Kxb7 24. Bc3 Qf5 25. Qxf5 exf5
26. fxg3 $16 {1-0 Ponomariov,R (2717)-Macieja,B (2616)/Lugo 2007/CBM 119 (50)})
16. Ne4 Nxe4 (16... Bf4 {appeared in practice as well.}) 17. Qxe4 Nf6 18. Qe2 {
The best square for the queen.} c5 19. Bc3 Rhe8 (19... cxd4 20. Nxd4 $1 (20.
Bxd4 Bc5 {An exchange of pieces favours Black in this case.} 21. Bxc5 Qxc5 22.
Ne5 Nd7 $1 23. Rxd7 (23. Nxf7 $4 Qf5+ $19) 23... Rxd7 24. Nxd7 Kxd7 25. Rd1+
Kc8 $11) 20... a6 21. g3 Rd7 22. Nb3 {[%cal Gc3a5]} Rhd8 23. Ba5 b6 24. c5 bxa5
25. cxd6 $36) 20. Ne5 cxd4 21. Bxd4 Bxe5 22. Bxe5 Qc6 (22... Qc5 23. f4 Rxd1+
24. Rxd1 Rd8 25. Rc1 Qa5 26. Rc2 Qc5 27. a3 Qc6 28. Ka2 Ne8 29. g4 Qd7 30. Qe3
f6 31. Bc3 $14 {1-0 Venkatesh,M (2450)-Iljin,A (2522)/Kochin 2004/CBM 103 ext 
(58)}) 23. g4 Rxd1+ 24. Rxd1 Rd8 25. Re1 $5 {Ruslan preserves the rooks from
exchange. On the one hand, White gives up control over the d-file. On the
other hand, in the forthcoming endgame his rook + bishop might overcome
black's rook + knight.} (25. Rxd8+ Kxd8 26. Bxf6+ gxf6 27. f3 Ke8 28. Qe4 Qd7
29. Kc2 Kf8 30. b3 Kg7 31. Kc3 b6 32. Qd4 Qc6 33. Qe4 {1/2-1/2 Morovic
Fernandez,I (2565)-Kortschnoj,V (2585)/Mesa 1992/EXT 2004}) 25... Ne8 (25...
Qg2 {I've considered this move as a punch in the air in view of} 26. Bg3 {
[%cal Ge2e5] . The engine suggestion} Kd7 $5 {didn't even cross my mind. Well,
human players has a lot to learn from the machine...}) 26. f4 {Only after the
game I found out that all this had already appeared in the practice of ...
Ruslan Ponomariov!} Qd7 $1 $146 {A sensible novelty, and finally a deviation.}
(26... f6 27. Bc3 Nc7 28. b3 Rd7 29. a4 Qd6 30. Qe3 Qd3+ 31. Kb2 b6 32. Qxd3
Rxd3 33. g5 $1 Rh3 34. gxf6 gxf6 35. Bxf6 Rxh5 36. Rd1 $16 {1-0 Ponomariov,R 
(2743)-Granero Roca,A (2342)/Benidorm 2002/CBM 093/[Lukacs] (58)}) 27. Bc3 Qd3+
{I should exchange queens to activate my rook.} 28. Qxd3 Rxd3 29. f5 (29. g5 $6
{yields nothing in view of} hxg5 30. fxg5 Rh3 31. g6 f6 32. Rxe6 Kd7 33. Re1
Rxh5 34. Bb4 Re5 {[%csl Rg6] and here even White has to be careful as his Pg6
is a target.}) 29... Kd7 30. fxe6+ fxe6 31. Rf1 Ke7 32. Kc2 (32. Bb4+ Kd8 33.
Rf7 Rd7 $11) 32... Rg3 {There was a passive alternative 32...Rd7. The move in
the text required deep calculation.} 33. Bb4+ Kd8 34. Rf7 Rxg4 35. Kb3 (35.
Rxb7 Rxc4+ 36. Kb3 Rc7 37. Ba5 Kc8 38. Rxc7+ Nxc7 39. Bxc7 Kxc7 40. Kc4 Kd6 41.
b4 Kc6 (41... g6 $4 42. hxg6 Ke7 43. b5 h5 44. Kd4 h4 45. Ke3 e5 46. Kf3 {
and White's king easily neutralises Black's pawns.}) 42. a4 e5 43. b5+ Kb6 44.
Kb4 Kc7 45. a5 Kd6 46. Kc4 e4 47. Kd4 e3 48. Kxe3 Kc5 49. b6 axb6 50. axb6 Kxb6
51. Ke4 Kc6 52. Kf5 Kd6 53. Kg6 Ke7 54. Kxg7 Ke8 55. Kxh6 Kf8 $11 {This is
more or less what I had to calculate before playing 32...Rg3.}) 35... Kc8 36.
Bc5 Rg3+ 37. Ka4 Rg2 38. Kb3 Rg3+ 39. Ka4 Rg2 40. b4 {White does not have real
grounds to play for a win. However, the situation in the match forced Ruslan
Ponomariov to complicate matters.} Rxa2+ 41. Kb3 Rg2 42. Re7 Nf6 43. Bxa7 (43.
Bd6 Ne4 44. Be5 Rg5 45. Bxg7 Rxh5 46. Rxe6 Rh3+ 47. Ka4 Nc3+ 48. Bxc3 Rxc3 $11)
43... Nxh5 44. b5 Nf6 45. Bd4 Rg4 46. Bb6 h5 47. Rc7+ Kb8 48. Rf7 Kc8 49. Rf8+
{Again, my opponent rejects the repetition. The position is becoming very
sharp.} Kd7 50. Rb8 h4 (50... e5 51. Rxb7+ Ke6 52. c5 h4 53. c6 Nd5 54. Ba5 h3
55. Rb8 h2 56. Rh8 Rg3+ 57. Kc4 Rg4+ 58. Kb3 Rg3+ $11) 51. Rxb7+ Kc8 52. Rc7+
Kb8 53. Rf7 h3 {The h-pawn is heading for a promotion, but my king is in
danger of getting mated.} 54. c5 Nd5 55. Rf8+ Kb7 56. Ba5 Rg3+ 57. Kc4 Rg4+ 58.
Kd3 Nb4+ 59. Kc3 h2 60. Rh8 Nd5+ 61. Kd2 Ra4 62. c6+ Ka7 63. c7 h1=Q (63... Rc4
64. Kd3 Rc5 65. Kd4 Rc1 66. Rxh2 Nxc7 67. b6+ Ka6 68. bxc7 Kxa5 $11) 64. Rxh1
Rc4 $4 {A huge blunder but, luckily for me, Ruslan didn't exploit it.} (64...
Kb7 65. Rc1 Ne7 $11) 65. Rh8 $4 {In a mutual time-scramble both players
spoiled this well-played game.} (65. Kd3 $1 Rxc7 66. Bxc7 Nxc7 67. Kc4 {
That's the point. White simply defends his remaining pawn and wins. For
instance:} Kb6 68. Re1 g5 69. Re5 g4 70. Re3 {and Black is in zugzwang.}) 65...
Rxc7 66. Bxc7 Nxc7 67. Rh5 Kb6 $11 68. Re5 Nxb5 69. Rxe6+ Kc5 {Our game was
the last one remaining in the match. The score was 3-2 in favour of my team
"SC Zagreb" and all I needed was not to lose this dead drawn position.} 70. Rg6
Nd6 71. Ke3 Kd5 72. Kf4 Ne8 73. Kg5 Ke5 74. Rb6 Nc7 75. Kg6 Ne6 76. Rb1 Nf4+
77. Kxg7 Ne6+ 78. Kf7 Nc5 79. Ke7 Kd5 80. Rd1+ Ke5 81. Rh1 Kd5 82. Rh5+ Kd4 83.
Rxc5 {Special thanks for my opponent for sparing me the torture.} Kxc5 1/2-1/2

[Event "Tata Steel-A 73rd"]
[Site "Wijk aan Zee"]
[Date "2011.01.25"]
[Round "9"]
[White "Wang, Hao"]
[Black "Ponomariov, Ruslan"]
[Result "1-0"]
[WhiteElo "2731"]
[BlackElo "2744"]
[Annotator "Postny,E"]
[PlyCount "79"]
[EventDate "2011.01.14"]
[EventType "tourn"]
[EventRounds "13"]
[EventCountry "NED"]
[EventCategory "20"]
[SourceTitle "CBM 141"]
[Source "ChessBase"]
[SourceDate "2011.03.17"]
[SourceVersion "1"]
[SourceVersionDate "2011.03.17"]
[SourceQuality "1"]

1. e4 c6 2. d4 d5 3. Nd2 dxe4 4. Nxe4 Bf5 5. Ng3 Bg6 6. h4 h6 7. Nf3 Nd7 8. h5
Bh7 9. Bd3 Bxd3 10. Qxd3 e6 11. Bd2 Ngf6 12. O-O-O Be7 13. Qe2 c5 {The main
line is, naturally, short castling, but the immediate punch in the centre is
playable as well.} 14. Rhe1 O-O (14... cxd4 15. Nxd4 O-O 16. Ngf5 Bc5 {would
transpose to the line that could occur in the game (see below the comment to
White's 16th move).}) 15. Nf5 {White must grab the bishop, otherwise he has
absolutely nothing.} cxd4 (15... exf5 16. Qxe7 Qc7 17. dxc5 Rfe8 18. Qd6 Qxc5
19. Qxc5 Nxc5 20. Nd4 $6 (20. Rxe8+ Rxe8 21. Be3 $14) 20... Nce4 21. Nxf5 $2 (
21. Re2 $11) 21... Nxf2 22. Rxe8+ Rxe8 23. Rf1 N2e4 24. Re1 Nxh5 $17 {0-1
Gashimov,V (2730)-Anand,V (2783)/Baku 2009/CBM 130 Extra (45)}) 16. Nxe7+ ({
For those who are brave enough, there is a sharp piece sacrifice available:} 
16. N3xd4 Bc5 17. Nxh6+ gxh6 18. Bxh6 {Practice has shown that Black can
defend, and the position is approximately balanced.}) 16... Qxe7 17. Nxd4 Rfc8
$6 {It is more natural to place the rooks on c8 and d8, accordingly.} (17...
Rfd8 18. g4 Nc5 19. Bf4 Nd5 20. Be5 Nd7 21. Bh2 Rac8 22. Kb1 N7b6 23. Ka1 Na4
24. Nb5 Nxb2 25. Kxb2 Qb4+ 26. Ka1 Nc3 27. Nxc3 Qxc3+ 28. Kb1 Qb4+ 29. Ka1 Qc3+
{1/2-1/2 Smeets,J (2604)-Akopian,V (2679)/Dresden 2008/CBM 128}) 18. g4 {
Starting the standard assault against the king. Black must be quick in
creating the counterplay on the other side.} Nd5 (18... Qc5 19. Be3 Qc4 20.
Qxc4 Rxc4 21. b3 Rc7 22. f3 $14) 19. Kb1 {It is necessary to move the king
away from the c-file.} N7b6 $6 {This is too slow. Instead, Black should
activate the queen and quickly create some counter-threats against the white
monarch.} (19... Qc5 $1 20. c3 Qc4 21. Qf3 b5 22. g5 hxg5 23. Bxg5 b4 24. cxb4
Qxb4 $1 (24... Nxb4 $2 25. b3 Qd5 (25... Qa6 26. Rd2 Nd5 27. Rg1) 26. Qg3 Qa5
27. a4 {In both case White's attack prevails.}) 25. Nb3 Nc5 26. Bd2 Qb7 27. Na5
Qb5 28. Rg1 Rab8 29. Bc3 Nxc3+ 30. Qxc3 Kf8 31. Qxg7+ Ke7 32. Qg5+ Kf8 {
and White doesn't have more than a perpetual check.}) 20. f4 Qc5 (20... Nc4 21.
g5 $16) 21. c3 Nc4 $6 (21... Na4 22. g5 Qb6 (22... Nxb2 23. Kxb2 Nxc3 24. Bxc3
Qxc3+ 25. Kb1 $16) 23. Nb3 Rxc3 24. Qe5 Rxb3 25. axb3 Qxb3 26. Rc1 Qd3+ 27. Rc2
Rc8 28. Qe4 Qxc2+ 29. Qxc2 Rxc2 30. Kxc2 {From a material point of view Black
is fine, but his king is unsafe even in the endgame. I am not sure that Black
can hold this. Still, this might have been the least of the evils for Black.})
(21... Qc4 22. Qf3 $16 {Compared to the line 19...Qc5 20.c3 Qc4 21.Qf3,
examined above, here Black's b-pawn is blocked by its own knight, therefore he
can't create any quick counterplay. Meanwhile, Black's king will feel the
danger very soon.}) 22. Bc1 b5 $2 {This tactical blunder is a result of simple
lack of concentration, as White's reply is so obvious. However, objectively
speaking, Black's position is already unsatisfactory. White's kingside assault
goes forward smoothly, while Black's counterplay is a bit late.} (22... Na3+ {
is a punch in the air.} 23. Ka1 Qb6 24. Qe4 Nb5 25. Nxb5 Qxb5 26. g5 $18) (
22... Qb6 23. Ka1 Na3 24. Qe4 {leads to the line above.}) (22... Kh8 23. g5 $40
) (22... Qd6 23. g5 Nxf4 24. Qg4 $18) 23. Nxe6 $1 {and Black soon collapses...}
Na3+ (23... fxe6 24. Qxe6+ Kh8 25. Rxd5 $18) 24. Ka1 Nb4 25. bxa3 (25. Nd4 Qxd4
26. cxb4 Qf6 (26... Rxc1+ 27. Rxc1 Nc4 28. g5 $18) 27. g5 {was another way to
win a piece, but the choice in the game is more human like.}) (25. cxb4 $2 Nc2+
26. Kb1 Qxb4 {is not convincing at all.}) 25... Qxc3+ 26. Bb2 Nc2+ 27. Kb1
Nxa3+ 28. Bxa3 Qxa3 29. Nd4 {Black could already resign.} Rc4 30. g5 {Black
has no threats, so White can continue his own attack.} Qc5 31. Qe5 {The
exchange of queens puts an end to Black's last hope.} hxg5 32. fxg5 Rd8 33. g6
Qxe5 34. Rxe5 Rc7 35. Rde1 {The Chinese grandmaster is very precise right till
the end.} Kf8 36. Rxb5 a6 37. Rbe5 Rb7+ 38. Ka1 Rb6 39. Rf5 Rd7 40. Ne6+ 1-0

[Event "EU-ch 11th"]
[Site "Rijeka"]
[Date "2010.03.08"]
[Round "3"]
[White "Saric, Ivan"]
[Black "Vallejo Pons, Francisco"]
[Result "0-1"]
[WhiteElo "2607"]
[BlackElo "2708"]
[Annotator "Postny,E"]
[PlyCount "118"]
[EventDate "2010.03.06"]
[EventType "swiss"]
[EventRounds "11"]
[EventCountry "CRO"]
[SourceTitle "CBM 136"]
[Source "ChessBase"]
[SourceDate "2010.05.18"]
[SourceVersion "1"]
[SourceVersionDate "2010.05.18"]
[SourceQuality "1"]

1. e4 c6 2. d4 d5 3. Nc3 dxe4 4. Nxe4 Bf5 5. Ng3 Bg6 6. h4 h6 7. Nf3 Nd7 8. h5
Bh7 9. Bd3 Bxd3 10. Qxd3 e6 11. Bd2 Ngf6 12. O-O-O Be7 13. Qe2 Rc8 {A very
rare move which was pioneerd by grandmaster Eric Lobron back in the 80s.
Normally short castling follows automatically instead.} 14. Kb1 {This move is
usually useful, but in this particular case might be a waste of tempi. White's
play should be more concrete.} (14. Ne5 O-O (14... c5 15. Rhe1 O-O 16. Ng6 $1
Re8 17. Nxe7+ Qxe7 18. d5 $1 Nxd5 19. Bxh6 N7b6 20. Qg4 f5 21. Qg6 Qf7 22. Bg5
c4 23. c3 f4 24. Qxf7+ Kxf7 25. Ne4 $16 {1-0 Gruenfeld,Y (2535)-Lobron,E (2485)
/New York 1986/EXT 1997 (76)}) 15. Rhe1 b5 16. Nf5 $2 (16. f4 $14 {[%cal Gf4f5]
}) 16... exf5 17. Nxd7 Qxd7 18. Qxe7 Qd5 19. Kb1 Rce8 20. Qc7 Rxe1 21. Rxe1
Qxg2 {0-1 Heidrich,M (2260)-Lobron,E (2530)/Germany 1987/GER-chT (28)}) 14...
O-O 15. Ne5 c5 16. Nxd7 (16. Rh4 $6 Kh8 17. c4 Qe8 18. Bc1 a6 19. Rf4 cxd4 20.
Nxd7 Qxd7 21. Rfxd4 Qc6 22. f4 b5 23. cxb5 axb5 $15 {0-1 Gazik,I (2415)-Lobron,
E (2490)/Cannes 1988/EXT 1998 (61)}) (16. Ng6 $5 Re8 $1 (16... fxg6 $6 17.
Qxe6+ Kh8 (17... Kh7 $2 18. hxg6+ Kxg6 19. Nf5 Re8 20. Nxg7 $1 $18) 18. hxg6
Rc6 19. Qh3 Ng8 20. Nh5 $1 Rxg6 21. Nf4 Rgf6 22. Ne6 Rxe6 23. Qxe6 $14) 17.
Nxe7+ Qxe7 $11) 16... Qxd7 17. dxc5 Qc6 {Black has clearly solved the opening
problems. White doesn't have even a hint of an initiative.} 18. Bc3 Nd5 19. Be5
Qxc5 20. Ne4 Qc4 21. Qxc4 Rxc4 {In this endgame White has to play precisely to
equalise.} 22. Rd4 Rfc8 23. c3 f6 24. Rxc4 $6 (24. Nd2 Rxd4 25. Bxd4 {was the
right way, not allowing Black's rook to control the fourth rank.}) 24... Rxc4
25. Bd4 (25. Nd2 Rg4 26. Bg3 f5 $17 {[%cal Gf5f4]}) 25... e5 26. Nd2 Ra4 27. c4
exd4 $6 {This spoils the advantage.} (27... Nb4 28. Be3 Nxa2 $1 (28... Rxa2 $2
29. Ne4 Kf7 (29... f5 30. Bc5 Bxc5 31. Nxc5 e4 32. Rd1 $11) 30. Rd1 Ke8 31.
Nd6+ Bxd6 32. Rxd6 $11) 29. Rd1 Kf7 {White can't play 30.Ne4 in view of Rxc4,
so he is just a pawn down.}) 28. cxd5 Ra5 29. d6 $1 {Forcing a rook ending
with strong drawish tendencies.} Bxd6 30. Nc4 Rd5 31. Nxd6 Rxd6 32. Kc2 {
White should hold this endgame relatively easily. The king will take care of
Black's extra pawn.} Rd5 33. Kd3 Rb5 34. b3 Ra5 35. a4 b5 36. axb5 Rxb5 37. Kc4
a6 38. g4 f5 39. f3 fxg4 40. fxg4 d3 41. Kxd3 $2 {This move is very bad, but
not losing yet.} (41. Ra1 $1 {was the most logical and precise.} Rb6 (41... Rg5
42. Kxd3 Rxg4 43. Rxa6 Rg5 44. b4 Rxh5 45. Kc4 $11) (41... d2 42. Kc3 Rg5 43.
Kxd2 Rxg4 44. Rxa6 Rg5 45. b4 Rxh5 46. Kc3 {A tempo down compared to the
previous line, but still sufficient for a draw.}) 42. Rd1 a5 {[%csl Rg4][%cal
Gb6b4]} 43. Kc3 Rc6+ 44. Kxd3 Rd6+ 45. Ke2 Rxd1 46. Kxd1 Kf7 47. Ke2 Ke6 48.
Kd3 Kd5 49. Kc3 Ke5 50. Kc4 Kf4 51. Kb5 Kxg4 52. Kxa5 Kxh5 53. b4 g5 54. b5 g4
55. b6 g3 56. b7 g2 57. b8=Q g1=Q 58. Qe8+ $11) 41... Rxb3+ 42. Ke4 Rb4+ 43.
Kf5 a5 44. Rc1 Rb5+ 45. Kf4 (45. Kg6 $4 Rg5#) (45. Ke6 Rb6+ 46. Ke5 Ra6 47.
Rc8+ Kh7 $19) 45... Rb8 $1 {The rook will support the pawn from a8.} 46. g5 $1
{White must exchange all the pawns as soon as possible.} hxg5+ 47. Kxg5 a4 48.
h6 $1 Rb5+ 49. Kf4 $2 {The decisive mistake.} (49. Kg6 $1 Rb6+ 50. Kf5 gxh6 (
50... Rxh6 51. Rc8+ Kh7 52. Ra8 Rh4 53. Kg5 Rc4 54. Kf5 $11) 51. Rc8+ Kf7 52.
Rc7+ Ke8 53. Ra7 Rb4 54. Ke6 Kd8 55. Kd6 Kc8 56. Kc5 Rh4 57. Kc6 Kb8 58. Rb7+
Ka8 59. Rb5 $11) 49... gxh6 50. Rc6 h5 {Now it's winning as Black's king has
much more space.} 51. Ra6 Rb4+ 52. Kg5 h4 53. Kg6 Kf8 54. Kf6 Ke8 55. Ke6 Kd8
56. Kd6 Rd4+ 57. Ke5 Rg4 58. Rd6+ Kc7 59. Rd3 Kc6 {[%mdl 4096]} 0-1